000 00696nam a2200265 a 4500
003 AR-BaBNM
005 20251128203652.0
008 082120s2002 ||||||||||||||000 | spa||
020 _a84-313-0905-9
040 _cAR-BaBNM
100 1 _aOtero, Oliveros F.
245 0 0 _aLa educación para el trabajo
260 _aPamplona
_bEunsa
_c1985
300 _a170 p.
490 0 _aBiblioteca nt. Educación
_vv. 19
504 _aBibliografía: p. 169-170
650 4 _aEDUCACION PARA EL TRABAJO
650 4 _aEDUCACION Y EMPLEO
650 4 _aEDUCACION FAMILIAR
650 4 _aACTITUD ANTE EL TRABAJO
650 4 _aINFLUENCIA FAMILIAR
651 4 _aEuropa
942 _cBK
998 _cSILVI
999 _c4412
_d4412